<?xml version="1.0" encoding="UTF-8"?>
<marc:record xmlns:marc="http://www.loc.gov/MARC21/slim">
   <marc:leader>00000nam a2200000 a 4500</marc:leader>
   <marc:datafield ind1="1" ind2=" " tag="100">
      <marc:subfield code="a">Simon, Violetta</marc:subfield>
      <marc:subfield code="4">aut</marc:subfield>
      <marc:subfield code="e">Verfasser/-in</marc:subfield>
   </marc:datafield>
   <marc:datafield ind1=" " ind2=" " tag="653">
      <marc:subfield code="a">Zweierbeziehung</marc:subfield>
   </marc:datafield>
   <marc:datafield ind1=" " ind2=" " tag="653">
      <marc:subfield code="a">Interpersonale Kommunikation</marc:subfield>
   </marc:datafield>
   <marc:datafield ind1=" " ind2=" " tag="653">
      <marc:subfield code="a">Softcover / Belletristik/Comic</marc:subfield>
   </marc:datafield>
   <marc:datafield ind1=" " ind2=" " tag="653">
      <marc:subfield code="a">Cartoon</marc:subfield>
   </marc:datafield>
   <marc:datafield ind1=" " ind2=" " tag="653">
      <marc:subfield code="a">Humor</marc:subfield>
   </marc:datafield>
   <marc:datafield ind1=" " ind2=" " tag="653">
      <marc:subfield code="a">Satire</marc:subfield>
   </marc:datafield>
   <marc:datafield ind1=" " ind2=" " tag="653">
      <marc:subfield code="a">Kolumnensammlung</marc:subfield>
   </marc:datafield>
   <marc:datafield ind1="0" ind2="0" tag="245">
      <marc:subfield code="a">Er sagt, sie sagt</marc:subfield>
   </marc:datafield>
   <marc:datafield ind1="0" ind2="0" tag="245">
      <marc:subfield code="c">Violetta Simon</marc:subfield>
   </marc:datafield>
   <marc:datafield ind1=" " ind2="1" tag="264">
      <marc:subfield code="a">München</marc:subfield>
      <marc:subfield code="b">Süddeutsche Zeitung Edition</marc:subfield>
      <marc:subfield code="c">2015</marc:subfield>
   </marc:datafield>
   <marc:datafield ind1="1" ind2=" " tag="520">
      <marc:subfield code="a">Angaben aus der Verlagsmeldung

Er sagt Sie sagt : Süddeutsche.de-Kolumne „Er sagt, Sie sagt“ / von Violetta Simon

Es beginnt mit einer harmlosen Bemerkung, doch im nächsten Moment stecken beide in einer Grundsatzdebatte und fragen sich: Wie sind wir da nur wieder hineingeraten? Konfliktfreie Kommunikation gehört zu den größten Herausforderungen einer Partnerschaft. Viele Paare müssen erkennen, dass sie zwar dieselbe Sprache sprechen, einander aber nicht verstehen. Die erfolgreiche Süddeutsche.de-Kolumne „Er sagt, Sie sagt“ stellt sich dieser Herausforderung auf ausgesprochen unterhaltsame Weise. Die witzigen, intelligenten Dialoge sind voller Empathie und versetzen den Leser als stillen Beobachter in typische Alltagssituationen von Paaren jeden Alters. Der Leser wird sich immer wieder selbst erkennen in den Dialogen, die ihm auf niveauvolle Art den Spiegel vorhalten. Am Ende steht die Erkenntnis: Was man nicht ändern kann, sollte man mit Humor nehmen. Ein Buch für jede Gelegenheit und das ideale Geschenk für beziehungsgestählte Paare – auch solche, die es werden wollen.
</marc:subfield>
   </marc:datafield>
   <marc:datafield ind1=" " ind2=" " tag="020">
      <marc:subfield code="a">9783864973123</marc:subfield>
      <marc:subfield code="9">9783864973123</marc:subfield>
   </marc:datafield>
   <marc:datafield ind1=" " ind2=" " tag="020">
      <marc:subfield code="a">3864973120</marc:subfield>
      <marc:subfield code="9">3864973120</marc:subfield>
   </marc:datafield>
   <marc:datafield ind1=" " ind2=" " tag="041">
      <marc:subfield code="a">ger</marc:subfield>
   </marc:datafield>
   <marc:datafield ind1=" " ind2=" " tag="300">
      <marc:subfield code="a">174 Seiten</marc:subfield>
   </marc:datafield>
</marc:record>
